000 00248nam a2200109Ia 4500
008 230320s9999||||xx |||||||||||||| ||spa||
082 _a186/E95
100 _aEunapio
245 0 _aVida De Filosofos Y Sofistas
260 _bAguilar
942 _80
_cLIB
999 _c26146
_d26146